MDQL
is popping MORE tags! Check the
thread
!
Quizzes
Events
Quiz Creation
Community
Videos
Private Events
Remove Ads
Sign In
Join for FREE
Feedback
Dark Mode
Quiz Categories
Sports
Geography
Music
Movies
Television
Just For Fun
Miscellaneous
History
Literature
Language
Science
Gaming
Entertainment
Religion
Holiday
For Kids
Quiz Lab
Recent
Popular Today
Quiz Kudos Today
Editor Picks
Curator Picks
Quizzes by...
Day
Popularity
Type
Ratings
Length
Year
Community
Subscriptions
Recent Discussions
Orange Saloon
Badges
Playlists
Quests
Create
Leaderboards
Showdown
Live 5
Trivia Bingo
Activity
Puzzle Library
Sporcle Events
Private Events
Virtual Trivia
Globe League
Become a Host
Pub Owners
SporcleCon
Opinionation
Our Games
Videos
Blog
Mobile Apps
Partnerships
Remove Ads and Go Orange
Feedback
History
US Presidents
World Leaders
Politics
Nation
Discovery
War
Decade
Year
Century
Biography
Art
History
US Presidents
World Leaders
Politics
Nation
Discovery
War
Decade
Year
Century
Biography
Art
Random Quiz
Search Sporcle
×
Quiz Lab
Quiz Lab
History
British
Type in answers that appear in a list
Type in answers that appear in a list
Classic
Best Score? Go Orange.
Governors-General of British India Stats
Can you name the Governors-General of British India?
By
CafeOle
10m
44 Questions
76 Plays
76 Plays
76 Plays
Comments
Comments
Give Quiz Kudos
Give Quiz Kudos
-
- Ratings
hide this ad
Replay
Link that replays current quiz
Next Quiz
Link to next quiz in quiz playlist
You Got
0%
They Got
Avg Score
48%
Avg Friend Score
Upgrade to see
Score Distribution
Jump to the score distribution portion of the page
Score
0/44
Timer
10:00
0
Plays Today
Years
Governor-General
% Correct
1946-
1947
Viscount Mountbatten
93.4%
1773-
1785
Warren Hastings
88.2%
1813-
1823
Marquess of Hastings
81.6%
1899-
1905
Lord Curzon
81.6%
1786-
1793
Earl Cornwallis
76.3%
1805
Marquess Cornwallis
76.3%
1848-
1856
Marquess of Dalhousie
76.3%
1798-
1805
Marquess Wellesley
72.4%
1856-
1862
Earl Canning
72.4%
1926-
1931
Lord Irwin
69.7%
1807-
1813
Lord Minto
68.4%
1828-
1835
Lord William Bentinck
68.4%
1905-
1910
Earl of Minto
68.4%
1876-
1880
Lord Lytton
65.8%
1936-
1943
Marquess of Linlithgow
61.8%
1793-
1798
Sir John Shore
59.2%
1842-
1844
Lord Ellenborough
59.2%
1943-
1946
Viscount Wavell
59.2%
1921-
1926
Earl of Reading
57.9%
1880-
1884
Marquess of Ripon
55.3%
1862-
1863
Earl of Elgin
48.7%
1894-
1899
Earl of Elgin
48.7%
Years
Governor-General
% Correct
1785-
1786
Sir John Macpherson
46.1%
1844-
1848
Sir Henry Hardinge
44.7%
1916-
1921
Lord Chelmsford
44.7%
1910-
1916
Lord Hardinge
43.4%
1823-
1828
Lord Amherst
42.1%
1844
William Wilberforce Bird
36.8%
1869-
1872
Earl of Mayo
35.5%
1931-
1936
Earl of Willingdon
35.5%
1835-
1836
Sir Charles Metcalfe
34.2%
1872-
1876
Lord Northbrook
32.9%
1888-
1894
Marquess of Lansdowne
32.9%
1863
Sir Robert Napier
31.6%
1872
Lord Napier
31.6%
1836-
1842
Lord Auckland
27.6%
1884-
1888
Earl of Dufferin
27.6%
1805-
1807
Sir George Barlow
21.1%
1864-
1869
Sir John Lawrence
19.7%
1798
Sir Alured Clarke
14.5%
1823
John Adam
9.2%
1872
Sir John Strachey
5.3%
1828
William Butterworth Bayley
2.6%
1863-
1864
Sir William Denison
2.6%
Quiz Playlist
Details
Report
Send in Message
Add To Playlist
Classic:
Type in answers that appear in a list
Quiz Source
Last Updated: Feb 16, 2017
Quiz Scoreboard
CHALLENGE
Sign Up to Join the Scoreboard
Show All
Scores
Hide
Comments
May contain spoilers
Recently Published
Colored Red Africa Blitz
by spor1
Geography
30s
Find the 'City' Movie
by crazypaving
Movies
60s
5x2 Blitz: Bands
by SL_Kpop136
Music
30s
More to Explore
Quiz From the Vault
Featured Blog Post
14 Easter Pick-up Lines to Find Eggs With
hide this ad
You Might Also Like...
Tags
British
India
Today's Top Quizzes in History
Browse History
hide this ad
Today's Top Quizzes in British
Browse British
Top Contributed Quizzes in History
1
Popular People in 1991
2
US National Parks Named After People
3
Popular People in 1981
4
Popular People in 1951
5
Popular People in 1941
6
Complete a popular quote - Maya Angelou
7
Order Up: 1000 Years of World Events I
8
Popular People in 1986
9
Popular People in 1936
10
Popular People in 1926
Explore More
Trending Topics
Harry Potter
NBA
Kpop
Marvel
Disney
Crossword
Anime
Song
NFL
Pokémon
WWE
Country
Soccer
Puzzle
The Office
hide this ad
More By:
CafeOle
Quiz
Plays
Rating
Category
Featured
Created
Hawaiian Islands by Population
84
4.40
Geography
Jun 15, 2016
Governors-General of British India
76
History
Jun 15, 2016
Oldest US Presidents upon leaving office
73
4.67
History
Nov 21, 2017
Longest-Serving Indian Prime Ministers
55
5.00
History
May 28, 2017
Shahs of Persia/Iran (1501-1979)
39
History
May 22, 2017
Go to Creator's Profile
Score Distribution
Quiz Creator Spotlight
CafeOle
Follow
Send a Message
Quizzes Created
-
Created Quiz Play Count
-
More By This Creator
Popular Quizzes Today
1
Find the 'City' Movie
2
5x2 Blitz: Bands
3
Colored Red Africa Blitz
4
Find the US States - No Outlines Minefield
5
The Countries of the World
6
Find the US States
7
9x9 Crossword: Cartoon Network
8
US States
More History Quizzes
Hidden Answers: US Presidents
Published
Trending Quizzes
Colored Red Europe Blitz I
Colored Red Africa Blitz II
Colored Red Europe Blitz III
Colored Red Europe Blitz II
Colored Red Africa Blitz III
Recently Updated
Champions League XIs: Real Madrid
pecheneg
Largest US Cities 1790-2010
pecheneg
Rides in Walt Disney World
pecheneg
Most Oscar Losses (Acting)
pecheneg
Beyoncé Albums
pecheneg
Leaping Animals
pecheneg
Reality TV Shows (A-Z)
bhenderson79
Rickey Henderson's Hall of Fame Teammates
pecheneg
Champions League XIs: Arsenal
pecheneg
Quick Pick: Celebrities in WWE's Hall of Fame
aduchscher
Trending Topics
Anime
Crossword
Harry Potter
Marvel
NBA
Disney
Kpop
The Office
Soccer
Song
Pokémon
Country
WWE
Puzzle
NFL
Your Account Isn't Verified!
In order to create a playlist on Sporcle, you need to verify the email address you used during registration. Go to your
Sporcle Settings
to finish the process.
Report this User
Report this user for behavior that violates our
Community Guidelines
.
Details:
Send Report
Go to the Sporcle.com Mobile Site →
Comments